Sociología del arte I

Сохранить в:
Библиографические подробности
Главный автор: Hauser, Arnold
Формат:
Язык:Undetermined
Опубликовано: Madrid, España Guadarrama 1975
Предметы:
Метки: Добавить метку
Нет меток, Требуется 1-ая метка записи!

MARC

LEADER 00000nam a2200000Ia 4500
008 170316s9999 xx 000 0 und d
090 |a 100 H-6s v.1 
100 |a Hauser, Arnold 
245 |a Sociología del arte I 
260 |a Madrid, España 
260 |b Guadarrama 
260 |c 1975 
300 |a 468 páginas Vol. I 
650 |a FILOSOFÍA 
999 |c 16562  |d 16562 
040 |a cru BVZT 
942 |c 15 D  |h 100 H-6s v.1  |2 z